000 01153nam a2200289 4500
001 0000020021
003 CO-CtgCURN
005 20250331184426.0
007 ta
008 160627s2001 000 0 eng d
020 _a9586902862
040 _aCO-CtgCURN
_bspa
_ccoctgcurn
082 0 _a342.9861
_bA594i
100 1 _aAngulo Bossa, Alvaro.
245 1 0 _aInstituciones polĂ­ticas y derecho constitucional general /
_cAlvaro Angulo Bossa.
260 _aBogotá :
_bLeyer,
_c2001.
300 _axi, 186 p.
336 _2rdacontent
337 _2rdamedia
_asin mediacion
_bn
338 _2rdacarrier
_avolumen
_bnc
504 _aBibliografia (p. 179-182)
505 8 _aEl derecho: sus fuentes.--Supremacia de la constitucion.--El metodo.--El poder politico.--El estado.--De los fines del estado.--Estructura del poder publico: funciones del estado.--El estado democratico.--El cuerpo electoral.--El gobierno.--La libertad.--La libertad en particular
650 1 4 _aDerecho constitucional
_vFuentes.
908 _a160627
942 _cBK
_h342.9861
_iA594i
_2ddc
999 _c19259
_d19259